| 000 | 00449nam a2200205Ia 4500 | ||
|---|---|---|---|
| 008 | 210210b xxu||||| |||| 00| 0 eng d | ||
| 041 | _aeng | ||
| 082 | _a823/95 | ||
| 100 | _aSHAKESPEARE (William) | ||
| 245 | _aFirst part of Henry IV | ||
| 260 |
_aLondon _bBlackie and Son Limited _c |
||
| 650 | _apart | ||
| 650 | _aof | ||
| 650 | _aIV | ||
| 650 | _aHenry | ||
| 650 | _aFirst | ||
| 650 | _a1 | ||
| 690 | _aEnglish Drama | ||
| 906 | _a013647 | ||
| 999 |
_c132659 _d132659 |
||